|
|
|
|
| LEADER |
006110000a22002050004500 |
| 020 |
|
|
|a 978-81-262-0413-7
|
| 040 |
|
|
|a MAL
|
| 082 |
|
|
|a 608 32Q0
|
| 100 |
|
|
|a Yahya Chorkala; Author
|
| 245 |
|
|
|a Cheriya (valiya) kandupiduthangal
|
| 250 |
|
|
|
| 260 |
|
|
|a Thiruvananthapuram, Chintha Publishers
|
| 260 |
|
|
|c 2010
|
| 460 |
|
|
|a 113p
|
| 465 |
|
|
|a Rs.80.00
|
| 500 |
|
|
|a Yahya Chorkala
|
| 650 |
|
|
|a Science-Inventions
|
| 650 |
|
|
|a Technology-Inventions
|
| 999 |
|
|
|c 45697
|d 45697
|
| 952 |
|
|
|0 0
|1 0
|4 0
|6 608_000000000000000_32Q0
|7 0
|8 MAL
|9 46420
|a MGUL
|b MGUL
|d 2013-07-16
|e Rs.80.00
|l 0
|o 608 32Q0
|p 44088
|r 2013-07-16
|w 2013-07-16
|y BK
|